header

Advanced ceramic coatings and materials for extreme environments (Record no. 224704)

MARC details
000 -LEADER
fixed length control field 01313nam a2200301Ia 4500
245 00 - TITLE STATEMENT
Title Advanced ceramic coatings and materials for extreme environments
260 ## - PUBLICATION, DISTRIBUTION, ETC. (IMPRINT)
Place of publication Hoboken, NJ :
Name of publisher John Wiley,
Year of publication 2011.
300 ## - PHYSICAL DESCRIPTION
Number of Pages xiii, 188 p.
650 #0 - SUBJECT ADDED ENTRY--TOPICAL TERM
Topical Term Ceramic coating
Topical Term Extreme environments.
700 1# - ADDED ENTRY--PERSONAL NAME
Personal name Zhu, Dongming.
Personal name Lin, Hua-Tay.
Personal name Zhou, Yanchun.
856 40 - ELECTRONIC LOCATION AND ACCESS
Uniform Resource Identifier http://site.ebrary.com/lib/rucke/Doc?id=10515828

No items available.

© 2026 Rongo University
Contact us: librarian | system librarian | Rongo university